00578 2200205 4500001002100000005001500021035002000036007000300056008004100059020002200100082000800122084001400130100002200144245009300166260004600259300001600305650001400321856002100335990001600356INLIS00000000000815220260205092817 a0010-0126000149ta260205 0 ind  a978-623-515-281-3 a658 a658 ANN p0 aAnnisa Mia Susana1 aPengantar Kewirausahaan :bKonsep Dasar, Teori, dan Implementasinya /cAnnisa Mia Susana aYogyakarta :bAnak hebat indonesia,c2024 a230 ;c21cm 4amanajemen aALUMNI MANAJEMEN a00000013745